Kvantifikácia ekonomických a sociálnych nákladov nezamestnanosti mladých ľudí na príklade Slovenska a Veľkej Británie

Problematika kvantifikácie nákladov nezamestnanosti mladých ľudí na príklade Slovenskej republiky a Veľkej Británie v súvislosti s nákladmi a škodami, ktoré nezamestnanosť spôsobuje priamo či nepriamo nielen jednotlivcovi, ale aj celej spoločnosti a štátnemu systému.

Salvato in:
Dettagli Bibliografici
Autore principale: Hulmanová, Margita
Natura: Capitolo di libro
Lingua:slovacco
Soggetti:
Tags: Aggiungi Tag
Nessun Tag, puoi essere il primo ad aggiungerne!!

MARC

LEADER 00000naa a2200000 4500
001 0149639
005 20240502072705.3
041 0 |a slo 
044 |a SK 
245 1 0 |a Kvantifikácia ekonomických a sociálnych nákladov nezamestnanosti mladých ľudí na príklade Slovenska a Veľkej Británie  |c Margita Hulmanová 
520 |a Problematika kvantifikácie nákladov nezamestnanosti mladých ľudí na príklade Slovenskej republiky a Veľkej Británie v súvislosti s nákladmi a škodami, ktoré nezamestnanosť spôsobuje priamo či nepriamo nielen jednotlivcovi, ale aj celej spoločnosti a štátnemu systému. 
610 2 0 |a Slovensko 
610 2 0 |a Veľká Británia 
610 2 0 |a náklady 
610 2 0 |a nezamestnanosť 
610 2 0 |a trh práce 
100 1 |a Hulmanová, Margita